Statistics for History According to Herodotus

Click here to take the quiz!

General Stats

  • This quiz has been taken 6,799 times
  • The average score is 12 of 17

Answer Stats

HintAnswer% Correct
Every 500 years, Egypt is visited by this type of bird
(other myths say it rises from its own ashes)
Phoenix
96%
300 men from ____ fought at the Battle of Thermopylae, helping to delay a
Persian army numbering in the millions
Sparta
93%
The Persians built a canal connecting the Nile River to this seaRed Sea
91%
Persians debate ideas twice, once while drunk and the other time _____Sober
84%
It took 100,000 workers twenty years to build this monumentThe Great Pyramid
80%
Herodotus mentions this race of warrior women, who he calls "husband slayers"
Amazons
79%
Every 19 years, the god Apollo visits the Hyperboreans, a prosperous people
who live in the far _____
North
77%
This large Asian peninsula is the home of frankincense, myrrh, and flying snakes!
Arabia
74%
This celestial occurrence happened during a battle between the Medes and LydiansSolar eclipse
73%
King Croesus tested all the oracles, but only the one located in ____ was correctDelphi
72%
Herodotus describes this Egyptian creature, calling it a "river horse"Hippopotamus
71%
The Scythians drink from the _____ of their vanquished enemiesSkulls
69%
Phoenician sailors circumnavigated _____Africa
66%
These half eagle, half lion creatures guard hoards of goldGriffins
65%
In India, fox-size ants dig up ____ dust, which is then collected by peopleGold
55%
This Asian city has a wall 325 feet high, 81 feet thick, and 55 miles aroundBabylon
49%
Inside a tent, the Scythians burn the seeds of this plant whose vapor causes
them to "shout with delight"
Hemp
44%

Score Distribution

Percentile by Number Answered

Percent of People with Each Score

Your Score History

You have not taken this quiz